[Event "U12-U20 French Championships"]
[Site "chess24.com"]
[Date "2019.04.19"]
[Round "7"]
[White "Roux, Baptiste"]
[Black "Emmenecker, Pierre-Antoine"]
[Result "0-1"]
[Board "30"]
[WhiteElo "2054"]
[WhiteCountry "FRA"]
[WhiteFideId "36017450"]
[WhiteEloChange "-13"]
[BlackElo "1950"]
[BlackCountry "FRA"]
[BlackFideId "36031321"]
[BlackEloChange "13"]

1. e4 {[%clk 1:30:53]} e5 {[%clk 1:30:53]} 2. Nf3 {[%clk 1:31:14]} Nc6 {[%clk
1:31:18]} 3. Bb5 {[%clk 1:31:22]} Bc5 {[%clk 1:31:40]} 4. O-O {[%clk 1:31:12]}
Nd4 {[%clk 1:32:05]} 5. Nxd4 {[%clk 1:31:17]} Bxd4 {[%clk 1:32:28]} 6. c3 {[%clk
1:31:26]} Bb6 {[%clk 1:32:42]} 7. d4 {[%clk 1:31:09]} c6 {[%clk 1:32:59]} 8. Ba4
{[%clk 1:31:27]} d6 {[%clk 1:33:13]} 9. Na3 {[%clk 1:30:45]} Nf6 {[%clk 1:33:12]}
10. Nc4 {[%clk 1:28:16]} Nxe4 {[%clk 1:16:36]} 11. dxe5 {[%clk 1:26:34]} Nxf2
{[%clk 1:03:27]} 12. Nxd6+ {[%clk 1:23:46]} Qxd6 {[%clk 1:01:16]} 13. Qxd6 {[%clk
1:24:11]} Ne4+ {[%clk 1:01:34]} 14. Kh1 {[%clk 1:17:23]} Nxd6 {[%clk 1:01:54]}
15. exd6 {[%clk 1:17:46]} Be6 {[%clk 0:55:27]} 16. Bf4 {[%clk 1:13:44]} O-O-O
{[%clk 0:52:46]} 17. Bb3 {[%clk 1:10:29]} Bxb3 {[%clk 0:43:59]} 18. axb3 {[%clk
1:10:55]} Rhe8 {[%clk 0:43:06]} 19. Bg3 {[%clk 1:00:22]} f6 {[%clk 0:42:16]} 20.
Rfe1 {[%clk 0:59:41]} Kd7 {[%clk 0:41:41]} 21. Reb1 {[%clk 0:18:00]} Re2 {[%clk
0:30:17]} 22. b4 {[%clk 0:18:03]} Rde8 {[%clk 0:27:07]} 23. c4 {[%clk 0:17:50]}
Bd4 {[%clk 0:26:53]} 24. c5 {[%clk 0:17:42]} a6 {[%clk 0:27:14]} 25. Rd1 {[%clk
0:11:47]} Bxb2 {[%clk 0:26:30]} 26. Rab1 {[%clk 0:12:10]} Bc3 {[%clk 0:25:19]}
27. Rdc1 {[%clk 0:09:22]} Rb2 {[%clk 0:19:20]} 28. Rxb2 {[%clk 0:09:00]} Bxb2
{[%clk 0:19:43]} 29. Rb1 {[%clk 0:08:56]} Bc3 {[%clk 0:18:58]} 30. Rb3 {[%clk
0:07:44]} Re3 {[%clk 0:17:23]} 31. Kg1 {[%clk 0:07:21]} Bd4 {[%clk 0:16:52]} 32.
Rxe3 {[%clk 0:06:30]} Bxe3+ {[%clk 0:17:15]} 33. Kf1 {[%clk 0:06:56]} a5 {[%clk
0:16:25]} 34. Ke2 {[%clk 0:06:46]} Bg1 {[%clk 0:15:12]} 35. Be1 {[%clk 0:04:37]}
axb4 {[%clk 0:13:58]} 36. Bxb4 {[%clk 0:05:06]} Bxh2 {[%clk 0:12:45]} 37. Kf1
{[%clk 0:04:33]} b6 {[%clk 0:11:14]} 38. cxb6 {[%clk 0:04:52]} Bxd6 {[%clk
0:11:34]} 39. b7 {[%clk 0:05:11]} Bb8 {[%clk 0:11:41]} 40. g4 {[%clk 0:04:47]}
Kc7 {[%clk 0:11:46]} 41. Bf8 {[%clk 0:05:11]} g6 {[%clk 0:12:09]} 42. Be7 {[%clk
0:05:37]} f5 {[%clk 0:12:18]} 43. gxf5 {[%clk 0:06:04]} gxf5 {[%clk 0:12:42]} 44.
Ke2 {[%clk 0:06:02]} Kxb7 {[%clk 0:12:58]} 45. Ke3 {[%clk 0:05:56]} Be5 {[%clk
0:13:20]} 46. Kd3 {[%clk 0:06:00]} Kc7 {[%clk 0:13:11]} 47. Bc5 {[%clk 0:06:01]}
Kd7 {[%clk 0:13:17]} 48. Ke3 {[%clk 0:05:16]} Ke6 {[%clk 0:13:39]} 49. Kf3 {[%clk
0:05:30]} Kd5 {[%clk 0:13:57]} 50. Be3 {[%clk 0:05:23]} c5 {[%clk 0:14:06]} 51.
Bc1 {[%clk 0:05:27]} c4 {[%clk 0:13:48]} 52. Ke3 {[%clk 0:05:40]} Kc5 {[%clk
0:13:40]} 53. Ba3+ {[%clk 0:05:57]} Kb5 {[%clk 0:13:56]} 54. Kd2 {[%clk 0:05:39]}
Ka4 {[%clk 0:14:17]} 55. Bc5 {[%clk 0:05:31]} Kb3 {[%clk 0:14:33]} 56. Be3 {[%clk
0:05:46]} c3+ {[%clk 0:14:28]} 57. Kd3 {[%clk 0:06:04]} c2 {[%clk 0:14:42]} 58.
Bc1 {[%clk 0:06:16]} Bb2 {[%clk 0:14:56]} 59. Bh6 {[%clk 0:05:50]} c1Q {[%clk
0:15:10]} 60. Bxc1 {[%clk 0:06:13]} Bxc1 {[%clk 0:15:34]} 61. Kd4 {[%clk
0:06:36]} f4 {[%clk 0:15:54]} 62. Ke4 {[%clk 0:06:51]} Be3 {[%clk 0:16:18]} 63.
Kf3 {[%clk 0:07:11]} Kc4 {[%clk 0:16:36]} 0-1

[Event "U12-U20 French Championships"]
[Site "chess24.com"]
[Date "2019.04.19"]
[Round "7"]
[White "Croisille, Shanti"]
[Black "Englisch, Caroline"]
[Result "1-0"]
[Board "32"]
[WhiteElo "1575"]
[WhiteCountry "FRA"]
[WhiteFideId "36016691"]
[WhiteEloChange "9"]
[BlackElo "1535"]
[BlackCountry "FRA"]
[BlackFideId "45111928"]
[BlackEloChange "-9"]

1. e4 {[%clk 1:30:58]} g6 {[%clk 1:30:47]} 2. d4 {[%clk 1:31:16]} Nf6 {[%clk
1:30:54]} 3. Nc3 {[%clk 1:31:37]} d5 {[%clk 1:31:05]} 4. e5 {[%clk 1:24:08]} Ne4
{[%clk 1:30:37]} 5. Nxe4 {[%clk 1:23:11]} dxe4 {[%clk 1:30:44]} 6. Ne2 {[%clk
1:17:47]} c5 {[%clk 1:25:30]} 7. c3 {[%clk 1:11:20]} Nc6 {[%clk 1:20:44]} 8. Be3
{[%clk 1:10:20]} Bg4 {[%clk 1:15:02]} 9. h3 {[%clk 1:09:10]} Bxe2 {[%clk
1:13:45]} 10. Bxe2 {[%clk 1:09:34]} Qc7 {[%clk 1:11:33]} 11. Qc2 {[%clk 1:08:32]}
cxd4 {[%clk 1:06:54]} 12. cxd4 {[%clk 1:08:09]} Qa5+ {[%clk 1:03:19]} 13. Qc3
{[%clk 1:06:37]} Qxc3+ {[%clk 0:59:02]} 14. bxc3 {[%clk 1:06:43]} f6 {[%clk
0:54:22]} 15. e6 {[%clk 1:03:04]} a6 {[%clk 0:49:09]} 16. a4 {[%clk 0:57:54]} Bg7
{[%clk 0:45:27]} 17. Bc4 {[%clk 0:53:26]} Rc8 {[%clk 0:38:08]} 18. Bd5 {[%clk
0:50:07]} f5 {[%clk 0:35:13]} 19. Rb1 {[%clk 0:49:18]} Na5 {[%clk 0:32:42]} 20.
Bxb7 {[%clk 0:41:06]} Nxb7 {[%clk 0:30:28]} 21. Rxb7 {[%clk 0:41:26]} O-O {[%clk
0:23:29]} 22. Rxe7 {[%clk 0:40:37]} Rxc3 {[%clk 0:22:26]} 23. O-O {[%clk
0:40:25]} Rd8 {[%clk 0:18:20]} 24. Ra7 {[%clk 0:38:46]} Rc6 {[%clk 0:16:18]} 25.
d5 {[%clk 0:37:56]} Rcd6 {[%clk 0:15:08]} 26. Rd1 {[%clk 0:37:55]} Rxe6 {[%clk
0:12:59]} 27. dxe6 {[%clk 0:32:58]} Rxd1+ {[%clk 0:12:57]} 28. Kh2 {[%clk
0:33:17]} Be5+ {[%clk 0:12:20]} 29. g3 {[%clk 0:33:16]} Rd6 {[%clk 0:11:07]} 30.
Ra8+ {[%clk 0:33:22]} Kg7 {[%clk 0:07:31]} 31. e7 {[%clk 0:33:42]} Rd7 {[%clk
0:00:20]} 1-0

[Event "U12-U20 French Championships"]
[Site "chess24.com"]
[Date "2019.04.20"]
[Round "8"]
[White "Bellahcene, Anissa"]
[Black "Fromherz, Audrey"]
[Result "0-1"]
[Board "8"]
[WhiteElo "1816"]
[WhiteCountry "FRA"]
[WhiteFideId "678384"]
[WhiteEloChange "-17"]
[BlackElo "1531"]
[BlackCountry "FRA"]
[BlackFideId "26035928"]
[BlackEloChange "17"]

1. e4 {[%clk 0:00:19]} c5 {[%clk 1:30:18]} 2. c3 {[%clk 1:31:20]} d5 {[%clk
1:30:33]} 3. exd5 {[%clk 1:31:40]} Qxd5 {[%clk 1:30:45]} 4. d4 {[%clk 1:32:05]}
Nc6 {[%clk 1:29:39]} 5. Nf3 {[%clk 1:31:49]} Bg4 {[%clk 1:28:09]} 6. Be2 {[%clk
1:31:57]} e6 {[%clk 1:26:22]} 7. Bf4 {[%clk 1:30:34]} Nf6 {[%clk 1:20:10]} 8. Na3
{[%clk 1:30:35]} a6 {[%clk 1:04:44]} 9. Nc2 {[%clk 1:30:08]} cxd4 {[%clk
0:58:16]} 10. Ncxd4 {[%clk 1:28:46]} Nxd4 {[%clk 0:55:48]} 11. Qxd4 {[%clk
1:26:35]} Qxd4 {[%clk 0:55:14]} 12. Nxd4 {[%clk 1:26:46]} Bxe2 {[%clk 0:53:11]}
13. Kxe2 {[%clk 1:27:08]} Be7 {[%clk 0:48:30]} 14. Rad1 {[%clk 1:25:56]} O-O
{[%clk 0:39:23]} 15. Nb3 {[%clk 1:22:17]} Rfd8 {[%clk 0:34:23]} 16. Na5 {[%clk
1:17:21]} Nd5 {[%clk 0:27:46]} 17. Bg3 {[%clk 1:17:33]} Rac8 {[%clk 0:21:04]} 18.
Nxb7 {[%clk 1:14:08]} Rd7 {[%clk 0:15:44]} 19. Na5 {[%clk 1:14:31]} Rxc3 {[%clk
0:15:25]} 20. Rc1 {[%clk 1:09:55]} Rxc1 {[%clk 0:10:33]} 21. Rxc1 {[%clk
1:10:18]} f6 {[%clk 0:09:04]} 22. Rc6 {[%clk 1:04:13]} e5 {[%clk 0:04:55]} 23.
Rxa6 {[%clk 1:04:03]} Nb4 {[%clk 0:04:38]} 24. Ra8+ {[%clk 1:04:22]} Kf7 {[%clk
0:05:00]} 25. a3 {[%clk 1:04:31]} Nd3 {[%clk 0:04:13]} 26. b4 {[%clk 1:03:31]}
Nc1+ {[%clk 0:03:53]} 27. Ke1 {[%clk 1:01:06]} Na2 {[%clk 0:03:44]} 28. Rc8
{[%clk 0:56:49]} Nxb4 {[%clk 0:03:30]} 29. Rc3 {[%clk 0:52:28]} Na2 {[%clk
0:01:12]} 30. Rc2 {[%clk 0:52:21]} Nb4 {[%clk 0:01:37]} 31. Rd2 {[%clk 0:50:53]}
Nd3+ {[%clk 0:00:58]} 32. Ke2 {[%clk 0:51:06]} e4 {[%clk 0:00:54]} 33. Nc4 {[%clk
0:51:02]} Ra7 {[%clk 0:00:49]} 34. Nd6+ {[%clk 0:50:56]} Bxd6 {[%clk 0:00:57]}
35. Bxd6 {[%clk 0:51:18]} Ke6 {[%clk 0:01:19]} 36. Bf8 {[%clk 0:50:40]} Rf7
{[%clk 0:01:09]} 37. Bb4 {[%clk 0:50:50]} Nxb4 {[%clk 0:01:28]} 38. axb4 {[%clk
0:51:16]} Rb7 {[%clk 0:01:54]} 39. Rd4 {[%clk 0:51:39]} Ke5 {[%clk 0:01:55]} 40.
Ke3 {[%clk 0:51:51]} f5 {[%clk 0:01:41]} 41. Rc4 {[%clk 0:50:17]} f4+ {[%clk
0:01:07]} 42. Kd2 {[%clk 0:50:39]} g6 {[%clk 0:01:03]} 43. Kc3 {[%clk 0:50:40]}
Rd7 {[%clk 0:01:02]} 44. Rc5+ {[%clk 0:49:38]} Ke6 {[%clk 0:00:44]} 45. b5 {[%clk
0:49:52]} e3 {[%clk 0:00:58]} 46. Rc4 {[%clk 0:48:41]} exf2 {[%clk 0:00:54]} 47.
Rxf4 {[%clk 0:46:49]} Rf7 {[%clk 0:01:18]} 48. b6 {[%clk 0:45:32]} Rxf4 {[%clk
0:01:33]} 49. b7 {[%clk 0:46:00]} f1Q {[%clk 0:01:53]} 50. b8Q {[%clk 0:46:21]}
Qc1+ {[%clk 0:01:41]} 51. Kd3 {[%clk 0:46:26]} Qc4+ {[%clk 0:01:49]} 52. Kd2
{[%clk 0:46:06]} Rd4+ {[%clk 0:01:01]} 53. Ke1 {[%clk 0:45:24]} Qc3+ {[%clk
0:01:13]} 0-1

[Event "U12-U20 French Championships"]
[Site "chess24.com"]
[Date "2019.04.20"]
[Round "8"]
[White "Anastasie, Laure"]
[Black "Budak, Lori"]
[Result "0-1"]
[Board "9"]
[WhiteElo "1445"]
[WhiteCountry "FRA"]
[WhiteFideId "26091607"]
[WhiteEloChange "-4"]
[BlackElo "1679"]
[BlackCountry "FRA"]
[BlackFideId "36037630"]
[BlackEloChange "4"]

1. e4 {[%clk 1:30:58]} c5 {[%clk 1:30:58]} 2. Nc3 {[%clk 1:31:13]} g6 {[%clk
1:31:19]} 3. g3 {[%clk 1:31:34]} Bg7 {[%clk 1:31:42]} 4. Bg2 {[%clk 1:31:53]} Nc6
{[%clk 1:32:05]} 5. d3 {[%clk 1:32:06]} d6 {[%clk 1:32:20]} 6. Be3 {[%clk
1:32:03]} e5 {[%clk 1:32:34]} 7. Qd2 {[%clk 1:26:53]} Be6 {[%clk 1:30:43]} 8. Nd5
{[%clk 1:21:38]} Bxd5 {[%clk 1:28:02]} 9. exd5 {[%clk 1:22:03]} Nd4 {[%clk
1:26:19]} 10. Qd1 {[%clk 1:17:34]} Ne7 {[%clk 1:25:47]} 11. c3 {[%clk 1:17:07]}
Nb5 {[%clk 1:20:19]} 12. Ne2 {[%clk 1:13:57]} O-O {[%clk 1:19:35]} 13. O-O {[%clk
1:10:40]} Nf5 {[%clk 1:04:20]} 14. Bd2 {[%clk 1:06:34]} a6 {[%clk 1:00:06]} 15.
Rb1 {[%clk 1:06:18]} Rc8 {[%clk 0:58:47]} 16. c4 {[%clk 1:01:42]} Nbd4 {[%clk
0:58:44]} 17. Nxd4 {[%clk 1:01:52]} Nxd4 {[%clk 0:58:55]} 18. Bc3 {[%clk
1:00:23]} Re8 {[%clk 0:53:13]} 19. Bh3 {[%clk 0:56:30]} f5 {[%clk 0:51:23]} 20.
Bxd4 {[%clk 0:56:48]} cxd4 {[%clk 0:50:47]} 21. b3 {[%clk 0:55:12]} Rc7 {[%clk
0:46:29]} 22. Qd2 {[%clk 0:55:04]} Rf7 {[%clk 0:42:03]} 23. Rbe1 {[%clk 0:45:46]}
h5 {[%clk 0:35:51]} 24. Qe2 {[%clk 0:36:06]} Bh6 {[%clk 0:31:21]} 25. f4 {[%clk
0:34:29]} Rfe7 {[%clk 0:26:36]} 26. Qf2 {[%clk 0:33:27]} Qa5 {[%clk 0:25:23]} 27.
Kh1 {[%clk 0:20:26]} Qc3 {[%clk 0:23:53]} 28. Qg2 {[%clk 0:14:23]} Kh7 {[%clk
0:18:06]} 29. Qf3 {[%clk 0:08:21]} exf4 {[%clk 0:15:51]} 30. Rxe7+ {[%clk
0:08:08]} Rxe7 {[%clk 0:16:20]} 31. Bxf5 {[%clk 0:06:43]} gxf5 {[%clk 0:08:14]}
32. Qxh5 {[%clk 0:06:52]} Qxd3 {[%clk 0:08:09]} 33. Rd1 {[%clk 0:06:08]} Qe4+
{[%clk 0:07:59]} 34. Kg1 {[%clk 0:06:04]} f3 {[%clk 0:06:07]} 35. h4 {[%clk
0:04:44]} d3 {[%clk 0:04:50]} 36. Rf1 {[%clk 0:04:43]} d2 {[%clk 0:04:58]} 37.
Kh2 {[%clk 0:03:58]} Qe2+ {[%clk 0:05:14]} 0-1

[Event "U12-U20 French Championships"]
[Site "chess24.com"]
[Date "2019.04.20"]
[Round "8"]
[White "Georget, Laureline"]
[Black "Tourneur, Cloe"]
[Result "1/2-1/2"]
[Board "18"]
[WhiteElo "1642"]
[WhiteCountry "FRA"]
[WhiteFideId "26053284"]
[BlackElo "1654"]
[BlackCountry "FRA"]
[BlackFideId "26067099"]

1. c4 {[%clk 1:30:58]} Nf6 {[%clk 1:30:51]} 2. Nc3 {[%clk 1:31:18]} c6 {[%clk
1:31:14]} 3. d4 {[%clk 1:31:26]} d5 {[%clk 1:31:13]} 4. e3 {[%clk 1:31:32]} Bf5
{[%clk 1:30:22]} 5. Nf3 {[%clk 1:30:55]} e6 {[%clk 1:29:48]} 6. Bd3 {[%clk
1:27:39]} Bxd3 {[%clk 1:25:04]} 7. Qxd3 {[%clk 1:28:01]} Nbd7 {[%clk 1:24:25]} 8.
O-O {[%clk 1:25:06]} dxc4 {[%clk 1:21:11]} 9. Qxc4 {[%clk 1:24:44]} Be7 {[%clk
1:21:08]} 10. Qe2 {[%clk 1:17:47]} O-O {[%clk 1:19:12]} 11. Rd1 {[%clk 1:14:54]}
Qc7 {[%clk 1:12:33]} 12. b3 {[%clk 1:11:02]} Qa5 {[%clk 1:02:44]} 13. Bb2 {[%clk
1:06:51]} Bb4 {[%clk 1:00:19]} 14. Rdc1 {[%clk 1:04:38]} Nb6 {[%clk 0:57:35]} 15.
a3 {[%clk 0:59:21]} Bxc3 {[%clk 0:57:01]} 16. Bxc3 {[%clk 0:59:28]} Qh5 {[%clk
0:55:50]} 17. e4 {[%clk 0:54:01]} Rac8 {[%clk 0:53:14]} 18. Re1 {[%clk 0:50:17]}
Nbd7 {[%clk 0:47:24]} 19. b4 {[%clk 0:44:20]} b6 {[%clk 0:44:17]} 20. Rac1 {[%clk
0:43:00]} Rfd8 {[%clk 0:41:58]} 21. Rc2 {[%clk 0:35:32]} c5 {[%clk 0:36:26]} 22.
bxc5 {[%clk 0:32:07]} bxc5 {[%clk 0:34:50]} 23. dxc5 {[%clk 0:31:17]} Rxc5 {[%clk
0:25:18]} 24. Bb4 {[%clk 0:25:19]} Rxc2 {[%clk 0:22:20]} 25. Qxc2 {[%clk
0:25:45]} a5 {[%clk 0:21:23]} 26. Bd2 {[%clk 0:20:30]} Qb5 {[%clk 0:18:06]} 27.
Rb1 {[%clk 0:14:13]} Qa6 {[%clk 0:18:14]} 28. Qc7 {[%clk 0:09:49]} Rc8 {[%clk
0:16:25]} 29. Qxa5 {[%clk 0:09:12]} Qxa5 {[%clk 0:16:27]} 30. Bxa5 {[%clk
0:09:38]} Nxe4 {[%clk 0:16:48]} 31. Rd1 {[%clk 0:08:11]} Ndc5 {[%clk 0:14:53]}
32. Rd8+ {[%clk 0:05:04]} Rxd8 {[%clk 0:15:16]} 33. Bxd8 {[%clk 0:05:33]} Kf8
{[%clk 0:15:34]} 34. Ne1 {[%clk 0:04:43]} Ke8 {[%clk 0:15:29]} 35. Ba5 {[%clk
0:04:21]} Kd7 {[%clk 0:15:20]} 36. Bb4 {[%clk 0:03:35]} Kc6 {[%clk 0:13:56]} 37.
f3 {[%clk 0:03:04]} Nd6 {[%clk 0:13:49]} 38. Kf1 {[%clk 0:02:23]} Nc4 {[%clk
0:13:23]} 39. Ke2 {[%clk 0:02:05]} Kb5 {[%clk 0:13:03]} 40. Nc2 {[%clk 0:01:40]}
e5 {[%clk 0:12:08]} 41. Ne3 {[%clk 0:01:15]} Nb6 {[%clk 0:08:16]} 42. g4 {[%clk
0:01:03]} g6 {[%clk 0:07:44]} 43. h4 {[%clk 0:01:04]} Nbd7 {[%clk 0:06:10]} 44.
g5 {[%clk 0:01:12]} Nb6 {[%clk 0:03:26]} 45. Ng4 {[%clk 0:01:22]} Nbd7 {[%clk
0:02:36]} 46. Ke3 {[%clk 0:01:20]} Kc6 {[%clk 0:02:17]} 47. Nh6 {[%clk 0:00:58]}
f5 {[%clk 0:01:26]} 48. gxf6 {[%clk 0:01:17]} Nxf6 {[%clk 0:01:52]} 49. Bxc5
{[%clk 0:01:16]} Kxc5 {[%clk 0:02:11]} 50. Ng4 {[%clk 0:01:31]} Nd7 {[%clk
0:02:13]} 51. Ke4 {[%clk 0:01:35]} Kd6 {[%clk 0:02:36]} 52. Nf2 {[%clk 0:00:45]}
h6 {[%clk 0:01:51]} 53. Nd3 {[%clk 0:00:48]} Nf6+ {[%clk 0:01:30]} 54. Ke3 {[%clk
0:01:12]} g5 {[%clk 0:01:34]} 55. hxg5 {[%clk 0:01:28]} hxg5 {[%clk 0:01:56]} 56.
Nf2 {[%clk 0:01:17]} Nd5+ {[%clk 0:01:25]} 57. Ke4 {[%clk 0:00:51]} Ke6 {[%clk
0:01:44]} 58. Ng4 {[%clk 0:00:42]} Nc3+ {[%clk 0:01:53]} 59. Kd3 {[%clk 0:00:40]}
Nd5 {[%clk 0:01:38]} 60. Ke4 {[%clk 0:00:38]} Nc3+ {[%clk 0:02:02]} 61. Kd3
{[%clk 0:00:51]} Nd5 {[%clk 0:02:27]} 62. Kc4 {[%clk 0:01:09]} Kd6 {[%clk
0:01:22]} 63. Kd3 {[%clk 0:00:49]} Ke6 {[%clk 0:01:26]} 64. Ne3 {[%clk 0:00:47]}
Nf4+ {[%clk 0:00:40]} 65. Ke4 {[%clk 0:00:52]} Ne2 {[%clk 0:02:13]} 66. Nc4
{[%clk 0:00:40]} Ng3+ {[%clk 0:02:22]} 67. Ke3 {[%clk 0:00:43]} Nf5+ {[%clk
0:02:45]} 68. Ke4 {[%clk 0:00:48]} Ng3+ {[%clk 0:03:10]} 1/2-1/2

[Event "U12-U20 French Championships"]
[Site "chess24.com"]
[Date "2019.04.20"]
[Round "8"]
[White "Degraeve, Remy"]
[Black "Harutyunyan, Ruben"]
[Result "1-0"]
[Board "19"]
[WhiteTitle "FM"]
[WhiteElo "2312"]
[WhiteCountry "FRA"]
[WhiteFideId "26024560"]
[WhiteEloChange "10"]
[BlackTitle "FM"]
[BlackElo "2310"]
[BlackCountry "FRA"]
[BlackFideId "26042410"]
[BlackEloChange "-10"]

1. b3 {[%clk 1:30:56]} d5 {[%clk 1:30:57]} 2. Nf3 {[%clk 1:31:22]} Bg4 {[%clk
1:31:21]} 3. e3 {[%clk 1:31:49]} c6 {[%clk 1:31:32]} 4. Bb2 {[%clk 1:32:13]} e6
{[%clk 1:31:54]} 5. h3 {[%clk 1:32:34]} Bh5 {[%clk 1:32:11]} 6. d3 {[%clk
1:32:57]} Nd7 {[%clk 1:32:32]} 7. Nbd2 {[%clk 1:33:08]} a5 {[%clk 1:31:45]} 8. a4
{[%clk 1:32:38]} f6 {[%clk 1:15:10]} 9. Be2 {[%clk 1:29:56]} Bf7 {[%clk 1:14:26]}
10. e4 {[%clk 1:30:00]} Bd6 {[%clk 1:11:57]} 11. d4 {[%clk 1:23:23]} Ne7 {[%clk
1:06:38]} 12. Bd3 {[%clk 1:22:56]} Ng6 {[%clk 0:59:22]} 13. g3 {[%clk 1:23:17]}
e5 {[%clk 0:54:21]} 14. O-O {[%clk 1:13:30]} O-O {[%clk 0:48:59]} 15. Re1 {[%clk
1:10:51]} Qc7 {[%clk 0:45:23]} 16. Bf1 {[%clk 1:08:14]} Rae8 {[%clk 0:36:33]} 17.
Bg2 {[%clk 1:07:00]} Bb4 {[%clk 0:29:45]} 18. c3 {[%clk 1:02:09]} Bd6 {[%clk
8:19:57]} 19. Qc2 {[%clk 1:02:21]} Qb6 {[%clk 0:23:03]} 20. dxe5 {[%clk 0:58:02]}
Bxe5 {[%clk 0:20:38]} 21. Nxe5 {[%clk 0:56:20]} fxe5 {[%clk 0:17:12]} 22. Ba3
{[%clk 0:49:40]} Ne7 {[%clk 0:17:05]} 23. Qd3 {[%clk 0:46:47]} Be6 {[%clk
0:12:12]} 24. Qe3 {[%clk 0:45:49]} Qxe3 {[%clk 0:04:09]} 25. Rxe3 {[%clk
0:44:24]} Rf7 {[%clk 0:03:36]} 26. Rb1 {[%clk 0:43:34]} h6 {[%clk 0:03:58]} 27.
Bd6 {[%clk 0:43:59]} Nc8 {[%clk 0:03:58]} 28. Ba3 {[%clk 0:44:16]} Ncb6 {[%clk
0:04:24]} 29. Rbe1 {[%clk 0:44:16]} g5 {[%clk 0:04:38]} 30. Rd3 {[%clk 0:44:16]}
Rc8 {[%clk 0:05:06]} 31. Bd6 {[%clk 0:44:30]} Kg7 {[%clk 0:05:31]} 32. exd5
{[%clk 0:44:54]} Bxd5 {[%clk 0:05:31]} 33. Bxe5+ {[%clk 0:45:14]} Nxe5 {[%clk
0:05:53]} 34. Rxe5 {[%clk 0:45:14]} Nd7 {[%clk 0:06:06]} 35. Re2 {[%clk 0:45:14]}
Bxg2 {[%clk 0:06:06]} 36. Kxg2 {[%clk 0:45:14]} Nc5 {[%clk 0:06:03]} 37. Rd4
{[%clk 0:45:34]} Rcf8 {[%clk 0:06:03]} 38. h4 {[%clk 0:45:34]} Kh7 {[%clk
0:06:22]} 39. f3 {[%clk 0:45:59]} Kg7 {[%clk 0:06:22]} 40. Rg4 {[%clk 0:45:17]}
Rf5 {[%clk 0:05:14]} 41. f4 {[%clk 0:45:17]} Kg6 {[%clk 0:01:49]} 42. hxg5 {[%clk
0:45:17]} hxg5 {[%clk 0:02:13]} 43. Nf3 {[%clk 0:45:17]} Rd8 {[%clk 0:02:13]} 44.
Re3 {[%clk 0:34:56]} Kh5 {[%clk 0:02:38]} 45. Rxg5+ {[%clk 0:34:56]} Rxg5 {[%clk
0:02:38]} 46. Nxg5 {[%clk 0:34:27]} Nxb3 {[%clk 0:02:56]} 47. Kh3 {[%clk
0:34:27]} Nc5 {[%clk 0:03:20]} 48. g4+ {[%clk 0:34:27]} Kg6 {[%clk 0:03:20]} 49.
Ne6 {[%clk 0:34:42]} Rd3 {[%clk 0:03:41]} 50. Rxd3 {[%clk 0:34:42]} Nxd3 {[%clk
0:03:41]} 51. f5+ {[%clk 0:34:03]} Kf6 {[%clk 0:03:42]} 52. Nd4 {[%clk 0:33:42]}
Kg5 {[%clk 0:02:47]} 53. Kg3 {[%clk 0:33:42]} Nb2 {[%clk 0:02:34]} 54. Nf3+
{[%clk 0:32:28]} Kf6 {[%clk 0:02:34]} 55. Kf4 {[%clk 0:32:50]} Nd3+ {[%clk
0:02:55]} 56. Ke3 {[%clk 0:32:50]} Nb2 {[%clk 0:03:10]} 57. Ke4 {[%clk 0:33:15]}
Nxa4 {[%clk 0:02:09]} 58. g5+ {[%clk 0:33:15]} Kf7 {[%clk 0:01:54]} 59. f6 {[%clk
0:33:35]} Nxc3+ {[%clk 0:01:14]} 60. Kf5 {[%clk 0:33:35]} Ne2 {[%clk 0:01:07]}
61. g6+ {[%clk 0:33:35]} Kg8 {[%clk 0:01:11]} 62. Ng5 {[%clk 0:02:59]} Ng3+
{[%clk 0:00:31]} 63. Ke6 {[%clk 0:02:59]} a4 {[%clk 0:00:31]} 64. f7+ {[%clk
0:02:59]} Kg7 {[%clk 0:00:36]} 65. Nh7 {[%clk 0:02:59]} Kxg6 {[%clk 0:00:39]} 66.
f8Q {[%clk 0:02:59]} Kxh7 {[%clk 0:00:39]} 67. Kf7 {[%clk 0:05:03]} 1-0

[Event "U12-U20 French Championships"]
[Site "chess24.com"]
[Date "2019.04.20"]
[Round "8"]
[White "Bacrot, Alexandre"]
[Black "Ciccoli, Theo"]
[Result "1-0"]
[Board "22"]
[WhiteElo "2241"]
[WhiteCountry "FRA"]
[WhiteFideId "26076837"]
[WhiteEloChange "8"]
[BlackElo "2177"]
[BlackCountry "FRA"]
[BlackFideId "26053780"]
[BlackEloChange "-8"]

1. d4 {[%clk 1:30:49]} Nf6 {[%clk 1:30:55]} 2. c4 {[%clk 1:30:46]} c5 {[%clk
1:31:13]} 3. d5 {[%clk 1:30:38]} b5 {[%clk 1:31:38]} 4. cxb5 {[%clk 1:31:04]} a6
{[%clk 1:32:01]} 5. bxa6 {[%clk 1:31:29]} g6 {[%clk 1:31:50]} 6. Nc3 {[%clk
1:31:44]} Bxa6 {[%clk 1:31:58]} 7. e4 {[%clk 1:31:59]} Bxf1 {[%clk 1:32:09]} 8.
Kxf1 {[%clk 1:32:24]} d6 {[%clk 1:32:32]} 9. g3 {[%clk 1:32:40]} Bg7 {[%clk
1:32:35]} 10. Kg2 {[%clk 1:33:03]} O-O {[%clk 1:32:44]} 11. Nf3 {[%clk 1:33:29]}
Nbd7 {[%clk 1:32:47]} 12. a4 {[%clk 1:33:36]} Qa5 {[%clk 1:30:07]} 13. Bd2 {[%clk
1:12:42]} Rfb8 {[%clk 1:24:24]} 14. Nb5 {[%clk 1:11:39]} Qb6 {[%clk 1:24:06]} 15.
Qc2 {[%clk 1:09:54]} Ne8 {[%clk 1:20:47]} 16. Bc3 {[%clk 1:05:13]} Nc7 {[%clk
1:17:09]} 17. Nxc7 {[%clk 1:02:47]} Qxc7 {[%clk 1:17:33]} 18. Bxg7 {[%clk
1:01:47]} Kxg7 {[%clk 0:00:57]} 19. b3 {[%clk 0:55:49]} Rb4 {[%clk 1:12:53]} 20.
Rab1 {[%clk 0:50:30]} Qb7 {[%clk 1:07:10]} 21. Nd2 {[%clk 0:47:04]} Rb8 {[%clk
0:59:26]} 22. Nc4 {[%clk 0:44:07]} Qa8 {[%clk 0:53:10]} 23. Rhd1 {[%clk 0:36:21]}
Nf6 {[%clk 0:46:17]} 24. Kg1 {[%clk 0:35:38]} Nd7 {[%clk 0:39:20]} 25. Qd3 {[%clk
0:19:52]} Kg8 {[%clk 0:30:40]} 26. f4 {[%clk 0:17:10]} Qa6 {[%clk 0:25:17]} 27.
a5 {[%clk 0:12:35]} Qb5 {[%clk 0:22:19]} 28. e5 {[%clk 0:12:58]} dxe5 {[%clk
0:17:47]} 29. fxe5 {[%clk 0:13:22]} Rxb3 {[%clk 0:14:55]} 30. Rxb3 {[%clk
0:13:46]} Qxb3 {[%clk 0:15:20]} 31. Qxb3 {[%clk 0:13:41]} Rxb3 {[%clk 0:15:48]}
32. d6 {[%clk 0:07:57]} Kf8 {[%clk 0:14:22]} 33. dxe7+ {[%clk 0:08:12]} Kxe7
{[%clk 0:14:33]} 34. a6 {[%clk 0:08:07]} Nb6 {[%clk 0:11:15]} 35. a7 {[%clk
0:05:52]} Na8 {[%clk 0:11:16]} 36. Na5 {[%clk 0:05:29]} Ra3 {[%clk 0:07:48]} 37.
Nc6+ {[%clk 0:05:52]} Ke6 {[%clk 0:08:17]} 38. Rd6+ {[%clk 0:05:40]} Kf5 {[%clk
0:08:45]} 39. Rd8 {[%clk 0:06:03]} Kg4 {[%clk 0:02:21]} 40. Kf2 {[%clk 0:05:27]}
Ra2+ {[%clk 0:04:21]} 41. Ke1 {[%clk 0:05:48]} Nb6 {[%clk 0:00:57]} 42. Rb8
{[%clk 0:06:13]} Ra1+ {[%clk 0:00:48]} 43. Ke2 {[%clk 0:06:23]} Ra2+ {[%clk
0:01:05]} 44. Kd1 {[%clk 0:06:45]} Nd5 {[%clk 0:00:33]} 45. a8Q {[%clk 0:07:09]}
Ne3+ {[%clk 0:00:50]} 46. Kc1 {[%clk 0:07:15]} Rxa8 {[%clk 0:00:36]} 47. Rxa8
{[%clk 0:07:39]} Kh3 {[%clk 0:00:59]} 48. Rf8 {[%clk 0:07:47]} 1-0